000 00465nam a2200181Ia 4500
001 1805
005 20260306143755.0
008 260306t2008||||xx |||||||||||||| ||spa||
041 _aESP
082 _a155.418
_bT33
100 _aTejeiro Salguero, Ricardo
_eAUT
245 0 _aLa psicología de los videojuegos:
_bun modelo de investigación
260 _c2008
300 _a177 páginas :
_c24 cm.
650 _aGEN
654 _aCPS
942 _cLIB
_dJUS
_fJUS
_2ddc
_n
999 _c1805
_d1805